Światopogląd w działaniu
| Titel: | Światopogląd w działaniu : Heinrich Himmler i jego wizja rasowego imperium III Rzeszy / Alicja Bartnicka |
|---|---|
| Verfasser: | |
| Veröffentlicht: | Gdańsk : Muzeum II Wojny Światowej w Gdańsku, 2023 |
| Umfang: | 582 Seiten ; 22 cm |
| Format: | Buch |
| Sprache: | Polnisch; Englisch |
| ISBN: | 9788365957498 |
| Hinweise zum Inhalt: |
Inhaltsverzeichnis
Buch Bibliographie Cover Register Abstract |
alg: 51522914 001A $03004:02-02-24 001B $01999:15-11-25 $t16:16:43.000 001D $03004:02-02-24 001U $0utf8 001X $00 002@ $0Aau 002C $aText $btxt $2rdacontent 002C $aunbewegtes Bild $bsti $2rdacontent 002D $aohne Hilfsmittel zu benutzen $bn $2rdamedia 002E $aBand $bnc $2rdacarrier 003@ $0515229148 003O $01419792043 $aOCoLC 004A $A978-83-65957-49-8 006C $01401181227 $aOCoLC 006G $01300129603 006U $024,A21 $f20230825 007A $0BV048995445 $aBVB 007G $0 009P $qapplication/pdf $A2 $3Inhaltsverzeichnis $uhttps://d-nb.info/1300129603/04 $mB:DE-101 009P $qapplication/pdf $A2 $3Buch Bibliographie $uhttp://scans.hebis.de/HEBCGI/show.pl?51522914_bib.pdf $mV:DE-603;B:DE-Mb50 009P $qapplication/pdf $A2 $3Cover $uhttp://scans.hebis.de/HEBCGI/show.pl?51522914_cov.pdf $mV:DE-603;B:DE-Mb50 009P $qapplication/pdf $A2 $3Register $uhttp://scans.hebis.de/HEBCGI/show.pl?51522914_idx.pdf $mV:DE-603;B:DE-Mb50 009P $qapplication/pdf $A2 $3Abstract $uhttp://scans.hebis.de/HEBCGI/show.pl?51522914_sum.pdf $mV:DE-603;B:DE-Mb50 010@ $apol $aeng 010E $erda 011@ $a2023 $n2023 013D $RBiograf $RLebenslauf $RBiografik $#Biographies $#Biography $#Biographies -- Histoire et critique $#Biographie $#Biographisches Nachschlagewerk $#Lebensbeschreibung $#Berühmte Persönlichkeit Biografie $#Biografisches Nachschlagewerk $74006804-3 $8Biografie [Ts1] $9085010375 021A $aŚwiatopogląd w działaniu $dHeinrich Himmler i jego wizja rasowego imperium III Rzeszy $hAlicja Bartnicka 028A $BVerfasser $4aut $7 $8Bartnicka, Alicja [Tnu] $9515229105 033A $pGdańsk $nMuzeum II Wojny Światowej w Gdańsku 034D $a582 Seiten 034I $a22 cm 037A $aQuellen- und Literaturverzeichnis: Seite 543-565. - Personenregister 044K $qBVB $RHeinrich $#Himmler, Heinrich $#Gimmler, Genrich $#Himmler, Heinrich Luitpold $#Himmler $711855123X $8Himmler, Heinrich$Z1900-1945 [Tp1] $9086892266 044K $qBVB $RDeutsche Arbeiterpartei $RNationalsozialistischer Deutscher Arbeiterverein $#NSDAP $#NSDAP $#National Socialist Party $#Nationalsozialistische Deutsche Arbeiterpartei, Reichsorganisationsleiter $#Nationalsozialistische Deutsche Arbeiterpartei, Reichsausschuss $#Nationalsozialistische Deutsche Arbeiterpartei, Reichsschatzmeister $#Nationalsozialistische Deutsche Arbeiterpartei, Reichspropagandaleitung $#Nationalsozialistische Deutsche Arbeiterpartei, Parteikanzlei $#Nationalsozialistische Deutsche Arbeiterpartei, Oberste Leitung der Parteiorganisation $#Nationalsozialistische Deutsche Arbeiterpartei, Oberste Leitung der PO $#N.S.D.A.P. $71012979-0 $8Nationalsozialistische Deutsche Arbeiterpartei [Tb1] $9041937937 044K $qBVB $RFaschismus $RDrittes Reich $#National socialism $#National-socialisme $#Nazionalsocialismo $#Nacionalsocialismo $#National Socialism $#Faschismus $#Nationalsozialismus $#NS $74041316-0 $8Nationalsozialismus [Tsz] $908511314X 044K $qDNB $RRassenkunde $RRassismus $#Scientific racism $#Racialisme $#Rassenlehre $74152838-4 $8Rassentheorie [Ts1] $9085639109 045E $c943 $c940 045F $a909 $eDDC23BSB 045F/01 $a909 045F/03 $f09043 045F/03 $f09044 045F/03 $g43 045G $a355.0094309043 $eDDC23BSB 045G/01 $a355.009 045G/03 $f09043 045G/03 $f09044 045G/03 $g43 045R $aGeschichte 1933-1945 046L $aZusammenfassung in englischer Sprache 047I $aHeinrich Himmler, 1900-1945; Germany; Politics and government; National socialism; History lok: 51522914 24 exp: 51522914 24 1 #EPN 201B/01 $015-02-24 $t09:55:17.000 201C/01 $002-02-24 201U/01 $0utf8 203@/01 $0125558789X 208@/01 $a15-02-24 $bz 209A/01 $a24.00609 $du $f050 $h24 00609 $x00 209C/01 $a24.00609 K $h24 00609 K 209G/01 $a74810551 $x00 220C/01 $ahae 247C/01 $8358050-7Marburg, Bibliothek des Herder-Instituts Marburg $9102600961
| LEADER | 00000cam a2200000 c 4500 | ||
|---|---|---|---|
| 001 | 515229148 | ||
| 003 | DE-603 | ||
| 005 | 20251115161643.0 | ||
| 007 | tu | ||
| 008 | 240202s2023 xx |||| | u00||u|pol | ||
| 015 | |a 24,A21 |2 dnb | ||
| 016 | 7 | |2 DE-101 |a 1300129603 | |
| 020 | |a 9788365957498 | ||
| 035 | |a (DE-599)BVBBV048995445 | ||
| 035 | |a (OCoLC)1419792043 | ||
| 040 | |a DE-603 |b ger |c DE-603 |d DE-603 |e rda | ||
| 041 | |a pol |a eng | ||
| 082 | 0 | 4 | |8 1\u |a 909 |q DE-101 |2 23/BSB |
| 083 | 0 | |8 2\u |a 355.0094309043 |q DE-101 |2 23/BSB | |
| 084 | |a 943 |a 940 |q DE-101 |2 sdnb | ||
| 085 | |8 1\u |b 909 | ||
| 085 | |8 1\u |z 1 |s 09043 | ||
| 085 | |8 1\u |z 1 |s 09044 | ||
| 085 | |8 1\u |z 2 |s 43 | ||
| 085 | |8 2\u |b 355.009 | ||
| 085 | |8 2\u |z 1 |s 09043 | ||
| 085 | |8 2\u |z 1 |s 09044 | ||
| 085 | |8 2\u |z 2 |s 43 | ||
| 100 | 1 | |a Bartnicka, Alicja |e Verfasser |4 aut |0 (DE-603)515229105 | |
| 245 | 0 | 0 | |a Światopogląd w działaniu |b Heinrich Himmler i jego wizja rasowego imperium III Rzeszy |c Alicja Bartnicka |
| 264 | 1 | |a Gdańsk |b Muzeum II Wojny Światowej w Gdańsku |c 2023 | |
| 300 | |a 582 Seiten |c 22 cm | ||
| 336 | |a Text |b txt |2 rdacontent | ||
| 336 | |a unbewegtes Bild |b sti |2 rdacontent | ||
| 337 | |a ohne Hilfsmittel zu benutzen |b n |2 rdamedia | ||
| 338 | |a Band |b nc |2 rdacarrier | ||
| 500 | |a Quellen- und Literaturverzeichnis: Seite 543-565. - Personenregister | ||
| 520 | |a Heinrich Himmler, 1900-1945; Germany; Politics and government; National socialism; History | ||
| 546 | |a Zusammenfassung in englischer Sprache | ||
| 600 | 1 | 7 | |a Himmler, Heinrich |d 1900-1945 |0 (DE-588)11855123X |0 (DE-603)086892266 |2 gnd |
| 610 | 1 | 7 | |a Nationalsozialistische Deutsche Arbeiterpartei |2 gnd |0 (DE-588)1012979-0 |0 (DE-603)041937937 |
| 648 | 7 | |a Geschichte 1933-1945 |2 gnd | |
| 650 | 7 | |a Nationalsozialismus |0 (DE-588)4041316-0 |0 (DE-603)08511314X |2 gnd | |
| 650 | 7 | |a Rassentheorie |0 (DE-588)4152838-4 |0 (DE-603)085639109 |2 gnd | |
| 655 | 7 | |a Biografie |2 gnd-content |0 (DE-588)4006804-3 |0 (DE-603)085010375 | |
| 856 | 4 | 2 | |m B:DE-101 |q application/pdf |u https://d-nb.info/1300129603/04 |3 Inhaltsverzeichnis |
| 856 | 4 | 2 | |m V:DE-603;B:DE-Mb50 |q application/pdf |u http://scans.hebis.de/HEBCGI/show.pl?51522914_bib.pdf |3 Buch Bibliographie |
| 856 | 4 | 2 | |m V:DE-603;B:DE-Mb50 |q application/pdf |u http://scans.hebis.de/HEBCGI/show.pl?51522914_cov.pdf |3 Cover |
| 856 | 4 | 2 | |m V:DE-603;B:DE-Mb50 |q application/pdf |u http://scans.hebis.de/HEBCGI/show.pl?51522914_idx.pdf |3 Register |
| 856 | 4 | 2 | |m V:DE-603;B:DE-Mb50 |q application/pdf |u http://scans.hebis.de/HEBCGI/show.pl?51522914_sum.pdf |3 Abstract |
| 924 | 0 | |9 Mb 50 |a (DE-603)125558789X |b DE-Mb50 |c HES |d c |g 24.00609 | |


